Papers and testimony in the contested election case of Benjamin T. Frederick vs. James Wilson from the fifth congressional district of Iowa.

Bibliographic Details
Corporate Author: ProQuest (Firm)
Format: eBook
Language:English
Published: Washington : [publisher not identified], 1885.
Series:United States congressional serial set.
Subjects:
Online Access:Connect to the full text of this electronic book

MARC

Tag First Indicator Second Indicator Subfields
LEADER 00000cam a22000001a 4500
001 in00002898024
005 20190401181331.0
006 m o d
007 cr un mmmapmmp
008 070102s1885 dcu o f000 0 eng d
035 |a cis2004051467 
040 |a UMI  |c UMI  |d UtOrBLW 
043 |a n-us--- 
099 |a ProQuest Serial Set Number 2311 H.misdoc.24 
245 0 0 |a Papers and testimony in the contested election case of Benjamin T. Frederick vs. James Wilson from the fifth congressional district of Iowa. 
246 1 |a Contested-election, Benjamin T. Frederick vs. James Wilson, Iowa 
264 1 |a Washington :  |b [publisher not identified],  |c 1885. 
300 |a 1 online resource. 
336 |a text  |b txt  |2 rdacontent 
337 |a computer  |b c  |2 rdamedia 
338 |a online resource  |b cr  |2 rdacarrier 
490 0 |a H.misdoc.24 
500 |a Record is based on bibliographic data in ProQuest U.S. Serial Set Digital Collection (last viewed Jan. 2007). Reuse except for individual research requires license from ProQuest, LLC. 
510 3 |a ProQuest U.S. Serial Set Digital Collection 
500 |a Electronic resource. 
650 0 |a Citizenship. 
650 0 |a Contested elections. 
651 0 |a Iowa. 
655 7 |a Electronic books.  |2 local 
710 2 |a ProQuest (Firm) 
830 0 |a United States congressional serial set. 
856 4 0 |u http://proxy.library.tamu.edu/login?url=http://congressional.proquest.com/congcomp/getdoc?SERIAL-SET-ID=2311+H.misdoc.24  |z Connect to the full text of this electronic book  |t 0 
999 |a MARS 
999 f f |s 15727412-c372-3d54-a2d0-45dbcc57596d  |i 5ad5c66d-3f4b-31f2-a8a6-4ede45cae759  |t 0 
952 f f |a Texas A&M University  |b College Station  |c Electronic Resources  |d Available Online  |t 0  |e ProQuest Serial Set Number 2311 H.misdoc.24  |h Other scheme 
998 f f |a ProQuest Serial Set Number 2311 H.misdoc.24  |t 0  |l Available Online